|
|
|
|
| LEADER |
00000nam a2200000 a 4500 |
| 001 |
vtls009484316 |
| 003 |
SK-MaSNL |
| 005 |
20260301171222.0 |
| 008 |
240315s2008 xo o c p 000 0 slo |
| 015 |
|
|
|a SNBA2009/04-01702
|
| 020 |
|
|
|a 9788080980290
|q (brož.)
|
| 035 |
|
|
|a 97E50E78-B47D-4466-B3F5-3AF453B3EDDD
|
| 035 |
|
|
|a urn:nbn:sk:snk-amjvyr
|
| 035 |
|
|
|a urn:nbn:sk:snk-am0081lz
|
| 040 |
|
|
|a SNK
|b slo
|c SNK
|e AACR2
|
| 041 |
0 |
|
|a slo
|
| 044 |
|
|
|a xo
|c SK
|
| 072 |
|
7 |
|a 811.162.4
|x Slovenčina
|2 konspekt
|
| 080 |
|
|
|a 811.162.4
|2 2001
|
| 080 |
|
|
|a (075.2)
|2 2001
|
| 100 |
1 |
|
|a Benická, Helena
|4 aut
|9 363689
|
| 245 |
1 |
0 |
|a Ypsilon 9
|b slovenský jazyk pre 9. ročník ZŠ s vyučovacím jazykom maďarským
|c [autorky: Helena Benická, Julianna Bogárová ; ilustroval: Géza Balázsi]
|
| 250 |
|
|
|a 2. vyd.
|
| 260 |
|
|
|a Bratislava
|b Terra
|c 2008
|
| 300 |
|
|
|a 105 s.
|b fotogr. (prevaž. fareb.)
|c 29 cm
|
| 650 |
0 |
7 |
|a slovenčina
|2 SNKPH
|9 1350
|
| 655 |
|
7 |
|a učebnice základných škôl
|2 SNKPH
|9 70187
|
| 700 |
1 |
|
|a Bogárová, Julianna
|4 aut
|9 42955
|
| 700 |
1 |
|
|a Balázsi, Géza
|4 ill
|9 302181
|
| 919 |
|
|
|a 978-80-8098-029-0
|
| 968 |
|
|
|d 37
|
| 999 |
|
|
|c 830121
|d 832051
|
| 952 |
|
|
|a SNK
|b SNK
|y PREZ
|7 0
|p 17A0615579
|o snkSB 77507
|i snk2009/5591
|8 0
|0 0
|1 0
|4 0
|d 2009-03-17
|f 1
|l 0
|r 2025-04-28 00:00:00
|w 2026-02-24
|
| 952 |
|
|
|a SNK
|b SNK
|y VYP
|7 0
|p 17A0615580
|o snkSB 77507 D1
|i snk2009/5592
|8 0
|0 0
|1 0
|4 0
|d 2009-03-17
|l 0
|r 2016-06-30 00:00:00
|w 2026-02-24
|